[Event "HUN-chT2 Breyer 1718"]
[Site "Hungary"]
[Date "2017.10.08"]
[Round "2.12"]
[White "Ramadan, Erik"]
[Black "Pregitzer, Gyorgy"]
[Result "0-1"]
[WhiteElo "1248"]
[BlackElo "1673"]
[PlyCount "94"]
[EventDate "2017.09.24"]
[EventType "team-tourn"]
[EventRounds "11"]
[EventCountry "HUN"]
[SourceTitle "EXT 2021"]
[Source "ChessBase"]
[SourceDate "2020.10.23"]
[SourceVersion "1"]
[SourceVersionDate "2020.10.23"]
[SourceQuality "1"]
[WhiteTeam "Vizugy"]
[BlackTeam "Zsambek"]
[WhiteTeamCountry "HUN"]
[BlackTeamCountry "HUN"]

1. e4 g6 2. d4 Bg7 3. Nf3 d6 4. Bf4 Nc6 5. Bb5 Bd7 6. Nc3 a6 7. Ba4 Nf6 8. h3 0-0 9. Qd2 b5 10. Bb3 b4 11. Nd5 Nxe4 12. Qe3 Nf6 13. 0-0 Nxd5 14. Bxd5 Rb8 15. Bh6 e6 16. Bxg7 Kxg7 17. Bxc6 Bxc6 18. Rad1 Bd5 19. b3 Qf6 20. Nh2 h5 21. Rd3 a5 22. Qd2 c5 23. Qd1 cxd4 24. Rxd4 Rbc8 25. Re1 Rc3 26. Qd2 Rfc8 27. Rf4 Qd8 28. Rc1 Qb6 29. Nf1 Bb7 30. Rd4 d5 31. Ne3 Qc7 32. g4 hxg4 33. Rxg4 Qe5 34. Re1 Qf6 35. h4 Rh8 36. Ng2 e5 37. f4 e4 38. Qf2 Rf3 39. Qa7 Bc8 40. Rg5 Bf5 41. Qc5 Qd8 42. Rd1 Be6 43. Re5 Qc8 44. Qd4 f6 45. Rg5 Qc3 46. h5 Qxd4+ 47. Rxd4 fxg5 0-1

[Event "HUN-chT2 Breyer 1617"]
[Site "Hungary"]
[Date "2017.02.26"]
[Round "7.9"]
[White "Szakaly, Botond"]
[Black "Pregitzer, Gyorgy"]
[Result "1-0"]
[WhiteElo "1679"]
[BlackElo "1734"]
[PlyCount "55"]
[EventDate "2016.10.30"]
[EventType "team-tourn"]
[EventRounds "9"]
[EventCountry "HUN"]
[SourceTitle "EXT 2021"]
[Source "ChessBase"]
[SourceDate "2020.10.23"]
[SourceVersion "1"]
[SourceVersionDate "2020.10.23"]
[SourceQuality "1"]
[WhiteTeam "Paty"]
[BlackTeam "Zsambek"]
[WhiteTeamCountry "HUN"]
[BlackTeamCountry "HUN"]

1. e4 g6 2. d4 d6 3. Bc4 e6 4. Nf3 Bg7 5. Be3 c6 6. Nc3 Nd7 7. Qd2 b5 8. Be2 Bb7 9. Bf4 e5 10. dxe5 dxe5 11. Bg3 Qc7 12. 0-0 0-0-0 13. Bd3 Nc5 14. Qe3 Nxd3 15. cxd3 Qb6 16. Qe2 f6 17. b4 h5 18. a4 a6 19. Rfc1 Kb8 20. axb5 cxb5 21. Nd5 Bxd5 22. exd5 Rxd5 23. d4 Qd6 24. Rc5 Ne7 25. dxe5 fxe5 26. Nxe5 Bxe5 27. Rxd5 Qxd5 28. Bxe5+ 1-0

[Event "HUN-chT2 Breyer 1617"]
[Site "Hungary"]
[Date "2017.01.29"]
[Round "5.10"]
[White "Pregitzer, Gyorgy"]
[Black "Nagy, Ferenc2222"]
[Result "0-1"]
[WhiteElo "1734"]
[BlackElo "1980"]
[PlyCount "82"]
[EventDate "2016.10.30"]
[EventType "team-tourn"]
[EventRounds "9"]
[EventCountry "HUN"]
[SourceTitle "EXT 2021"]
[Source "ChessBase"]
[SourceDate "2020.10.23"]
[SourceVersion "1"]
[SourceVersionDate "2020.10.23"]
[SourceQuality "1"]
[WhiteTeam "Zsambek"]
[BlackTeam "Naszaly Geniusz Tata"]
[WhiteTeamCountry "HUN"]
[BlackTeamCountry "HUN"]

1. f4 d5 2. Nf3 c5 3. e3 Nf6 4. c3 e6 5. Bb5+ Bd7 6. Qa4 a6 7. Bxd7+ Qxd7 8. Qxd7+ Nbxd7 9. d4 Be7 10. Na3 cxd4 11. cxd4 Bxa3 12. bxa3 0-0 13. 0-0 b5 14. Bd2 Nb6 15. Bb4 Rfc8 16. Rac1 Nc4 17. Kf2 Ng4+ 18. Ke2 Ngxe3 19. Rg1 Ng4 20. h3 Nf6 21. g4 Ne4 22. Nd2 Nexd2 23. Bxd2 Nxd2 24. Kxd2 Kf8 25. Rxc8+ Rxc8 26. Rc1 Rxc1 27. Kxc1 a5 28. Kc2 Ke7 29. Kd3 Kf6 30. Ke3 h6 31. Kf3 g6 32. Ke3 g5 33. Kf3 Kg6 34. Kg3 f5 35. Kf3 fxg4+ 36. hxg4 gxf4 37. Kxf4 Kf6 38. Kf3 e5 39. dxe5+ Kxe5 40. Ke3 d4+ 41. Kd3 Kd5 0-1

[Event "HUN-chT2 Breyer 1617"]
[Site "Hungary"]
[Date "2016.10.30"]
[Round "1.11"]
[White "Koltai, Daniel"]
[Black "Pregitzer, Gyorgy"]
[Result "1/2-1/2"]
[WhiteElo "1734"]
[BlackElo "1734"]
[PlyCount "50"]
[EventDate "2016.10.30"]
[EventType "team-tourn"]
[EventRounds "9"]
[EventCountry "HUN"]
[SourceTitle "EXT 2021"]
[Source "ChessBase"]
[SourceDate "2020.10.23"]
[SourceVersion "1"]
[SourceVersionDate "2020.10.23"]
[SourceQuality "1"]
[WhiteTeam "Budapest MTK II"]
[BlackTeam "Zsambek"]
[WhiteTeamCountry "HUN"]
[BlackTeamCountry "HUN"]

1. e4 g6 2. d4 Bg7 3. Nc3 d6 4. Be3 Nf6 5. Qd2 Ng4 6. Bg5 Nc6 7. f3 Nf6 8. 0-0-0 h6 9. Be3 a6 10. g4 e5 11. d5 Ne7 12. g5 hxg5 13. Bxg5 Neg8 14. f4 Bg4 15. Be2 Qd7 16. fxe5 dxe5 17. Bxg4 Nxg4 18. Nf3 f6 19. h3 N4h6 20. Be3 Nf7 21. Qg2 Ne7 22. Kb1 0-0-0 23. Bc5 Nd6 24. Nd2 Kb8 25. Qf2 Rxh3 1/2-1/2

[Event "HUN-chT2 Breyer 1516"]
[Site "Hungary"]
[Date "2015.10.04"]
[Round "2.11"]
[White "Pregitzer, Gyorgy"]
[Black "Horvath, Csaba3333"]
[Result "0-1"]
[WhiteElo "1784"]
[BlackElo "2196"]
[PlyCount "122"]
[EventDate "2015.09.13"]
[EventType "team-tourn"]
[EventRounds "11"]
[EventCountry "HUN"]
[SourceTitle "CBM 170 Extra"]
[Source "ChessBase"]
[SourceDate "2016.02.25"]
[SourceVersion "1"]
[SourceVersionDate "2016.02.25"]
[SourceQuality "1"]
[WhiteTeam "Zsambek"]
[BlackTeam "Sarkany DSE"]
[WhiteTeamCountry "HUN"]
[BlackTeamCountry "HUN"]

1. f4 e5 2. fxe5 d6 3. Nf3 dxe5 4. Nxe5 Bd6 5. Nf3 g5 6. d4 g4 7. Ng5 f5 8. e4 h6 9. e5 Be7 10. Nh3 gxh3 11. Qh5+ Kf8 12. Bc4 Qe8 13. Qxh3 Qg6 14. 0-0 Kg7 15. Bd3 Qg4 16. Qxg4+ fxg4 17. c3 Be6 18. c4 Nd7 19. Nc3 c6 20. Bf4 Nb6 21. b3 Rd8 22. Be3 Bg5 23. Bxg5 hxg5 24. Ne2 Rh6 25. Rad1 Ne7 26. g3 Rf8 27. Rxf8 Kxf8 28. Rf1+ Kg7 29. Nc3 Bf7 30. Be2 Be6 31. Ne4 Nf5 32. Nxg5 Nxd4 33. Nxe6+ Rxe6 34. Bxg4 Rxe5 35. Rf2 a5 36. Rd2 c5 37. Kf2 a4 38. Bd1 Rf5+ 39. Kg2 Kf6 40. g4 Rf4 41. h4 a3 42. Rf2 Rxf2+ 43. Kxf2 Nd7 44. Ke3 Ne5 45. b4 Nxc4+ 46. Kd3 Nb2+ 47. Kd2 cxb4 48. Bc2 Nf3+ 49. Kc1 Nxh4 50. Bb3 Ke5 51. Kc2 Nf3 52. Bf7 Nd4+ 53. Kb1 Kf4 54. Bd5 b5 55. Bf7 Kxg4 56. Bd5 Kf4 57. Bf7 Ke3 58. Bd5 Kd2 59. Bf7 Na4 60. Bg6 b3 61. axb3 Nc3+ 0-1

[Event "HUN-chT2 Breyer 1415"]
[Site "Hungary"]
[Date "2015.04.26"]
[Round "?"]
[White "Pregitzer, Gyorgy"]
[Black "Bognar, Attila"]
[Result "0-1"]
[WhiteElo "1818"]
[BlackElo "1799"]
[PlyCount "48"]
[EventDate "2014.09.07"]
[EventType "team-tourn"]
[EventRounds "11"]
[EventCountry "HUN"]
[SourceTitle "EXT 2016"]
[Source "ChessBase"]
[SourceDate "2015.10.08"]
[SourceVersion "1"]
[SourceVersionDate "2015.10.08"]
[SourceQuality "1"]
[WhiteTeam "Zsambek"]
[BlackTeam "Nyergesujfalu"]
[WhiteTeamCountry "HUN"]
[BlackTeamCountry "HUN"]

1. f4 c5 2. e4 d5 3. e5 Nh6 4. Nf3 Bg4 5. Be2 e6 6. d4 Bxf3 7. Bxf3 Qb6 8. c3 Nc6 9. dxc5 Bxc5 10. b4 Be3 11. Bd2 0-0 12. Qe2 Nf5 13. g4 Bxd2+ 14. Kxd2 Nh4 15. Na3 Nxf3+ 16. Qxf3 d4 17. Nc2 dxc3+ 18. Kc1 Nxb4 19. Qe2 Nd3+ 20. Qxd3 Qb2+ 21. Kd1 Rfd8 22. Ke2 Rxd3 23. Kxd3 Rd8+ 24. Nd4 Qd2+ 0-1

[Event "HUN-chT2 Breyer 1314"]
[Site "Hungary"]
[Date "2013.09.22"]
[Round "2"]
[White "Toth, Balazs1111"]
[Black "Pregitzer, Gyorgy"]
[Result "1/2-1/2"]
[WhiteElo "1955"]
[BlackElo "1836"]
[PlyCount "66"]
[EventDate "2013.09.08"]
[EventType "team-tourn"]
[EventRounds "9"]
[EventCountry "HUN"]
[SourceTitle "EXT 2016"]
[Source "ChessBase"]
[SourceDate "2015.10.08"]
[SourceVersion "1"]
[SourceVersionDate "2015.10.08"]
[SourceQuality "1"]
[WhiteTeam "Gyor Komszomol"]
[BlackTeam "Zsambek"]
[WhiteTeamCountry "HUN"]
[BlackTeamCountry "HUN"]

1. e4 g6 2. d4 Bg7 3. c3 d6 4. Bc4 Nc6 5. Nf3 e5 6. Qb3 Qe7 7. dxe5 Nxe5 8. Nxe5 Bxe5 9. 0-0 c6 10. f4 Bg7 11. a4 Be6 12. Bxe6 fxe6 13. Nd2 Nf6 14. Re1 0-0 15. Nf3 Rae8 16. f5 Kh8 17. fxg6 h6 18. Bd2 Ng4 19. Rad1 Ne5 20. Nxe5 Bxe5 21. g3 Kg7 22. Rf1 Rxf1+ 23. Rxf1 Kxg6 24. Qd1 Rg8 25. Qg4+ Kh7 26. Qh5 Rg6 27. Bf4 Bxf4 28. Rxf4 e5 29. Rf5 Kg7 30. Kf2 Rg5 31. Qf3 Rxf5 32. Qxf5 Qf6 33. Qxf6+ Kxf6 1/2-1/2

[Event "HUN-chT2 Breyer 1011"]
[Site "Hungary"]
[Date "2011.04.17"]
[Round "9.9"]
[White "Vass, Istvan"]
[Black "Pregitzer, Gyorgy"]
[Result "1-0"]
[WhiteElo "2079"]
[BlackElo "1915"]
[PlyCount "72"]
[EventDate "2010.09.12"]
[EventType "team-tourn"]
[EventRounds "11"]
[EventCountry "HUN"]
[SourceTitle "EXT 2012"]
[Source "ChessBase"]
[SourceDate "2011.11.24"]
[SourceVersion "1"]
[SourceVersionDate "2011.11.24"]
[SourceQuality "1"]
[WhiteTeam "MAFC"]
[BlackTeam "Zsambek"]
[WhiteTeamCountry "HUN"]
[BlackTeamCountry "HUN"]

1. e4 g6 2. d4 Bg7 3. Nc3 d6 4. f4 e6 5. Nf3 Ne7 6. Be3 Nd7 7. Qd2 f5 8. Ng5 Nb6 9. 0-0-0 0-0 10. h4 h5 11. a4 a5 12. Be2 Bf6 13. b3 Bxg5 14. hxg5 Kg7 15. exf5 exf5 16. d5 Rf7 17. Bd4+ Kg8 18. Bf6 Rh7 19. Bf3 Qf8 20. Nb5 Bd7 21. Nxc7 Rc8 22. Ne6 Qe8 23. Qd4 Na8 24. Rde1 Bxe6 25. Rxe6 Qd7 26. Bxe7 Rxe7 27. Rxg6+ Rg7 28. Rxg7+ Qxg7 29. Qxg7+ Kxg7 30. Rxh5 Rh8 31. Rxh8 Kxh8 32. g4 fxg4 33. Bxg4 Nc7 34. Bf3 Kg7 35. f5 b6 36. Kd2 Na6 1-0

[Event "HUN-chT2 Breyer 0708"]
[Site "Hungary"]
[Date "2007.11.25"]
[Round "3"]
[White "Vass, Istvan"]
[Black "Pregitzer, Gyorgy"]
[Result "1/2-1/2"]
[WhiteElo "2098"]
[BlackElo "1942"]
[PlyCount "52"]
[EventDate "2007.10.14"]
[EventType "team"]
[EventRounds "11"]
[EventCountry "HUN"]
[SourceTitle "EXT 2009"]
[Source "ChessBase"]
[SourceDate "2008.11.26"]
[SourceVersion "1"]
[SourceVersionDate "2008.11.26"]
[SourceQuality "1"]
[WhiteTeam "MAFC"]
[BlackTeam "Zsambek"]
[WhiteTeamCountry "HUN"]
[BlackTeamCountry "HUN"]

1. e4 g6 2. d4 Bg7 3. f4 d6 4. Nf3 Bg4 5. Be2 Nf6 6. Nc3 a6 7. Be3 b5 8. a3 Nbd7 9. e5 Ng8 10. h3 Bxf3 11. Bxf3 Rb8 12. Ne4 d5 13. Nf2 e6 14. Nd3 Ne7 15. g4 c6 16. h4 a5 17. Ke2 f5 18. g5 Kf7 19. Bd2 Qb6 20. Qg1 Rbc8 21. b4 a4 22. Qf2 h5 23. gxh6 Rxh6 24. Rag1 Rch8 25. c3 Qd8 26. Qg2 Rxh4 1/2-1/2

[Event "HUN-chT2 Breyer 0607"]
[Site "Hungary"]
[Date "2007.03.25"]
[Round "7"]
[White "Nemeth, Miklos"]
[Black "Pregitzer, Gyorgy"]
[Result "1-0"]
[WhiteElo "2396"]
[BlackElo "1976"]
[PlyCount "57"]
[EventDate "2006.11.12"]
[EventType "team"]
[EventRounds "11"]
[EventCountry "HUN"]
[SourceTitle "EXT 2008"]
[Source "ChessBase"]
[SourceDate "2007.11.25"]
[SourceVersion "1"]
[SourceVersionDate "2007.11.25"]
[SourceQuality "1"]
[WhiteTeam "Kiraly Sakk"]
[BlackTeam "Zsambek"]
[WhiteTeamCountry "HUN"]
[BlackTeamCountry "HUN"]

1. e4 g6 2. d4 Bg7 3. c3 d6 4. Bd3 Nc6 5. Be3 Nf6 6. h3 0-0 7. Qd2 e5 8. d5 Ne7 9. Ne2 Kh8 10. f3 Nfg8 11. c4 b6 12. Nbc3 f5 13. g3 Bd7 14. 0-0-0 a6 15. h4 Nf6 16. Bh6 Nh5 17. Bxg7+ Kxg7 18. Rdg1 Nf6 19. h5 Nxh5 20. exf5 Ng8 21. g4 Nhf6 22. Ng3 gxf5 23. Nxf5+ Bxf5 24. Bxf5 Kh8 25. Ne4 Rf7 26. Ng5 Rg7 27. Ne6 Qe7 28. Nxg7 Qxg7 29. g5 1-0

[Event "HUN-chT2 Breyer 0607"]
[Site "Hungary"]
[Date "2007.03.04"]
[Round "6"]
[White "Pregitzer, Gyorgy"]
[Black "Csolig, Robert"]
[Result "0-1"]
[WhiteElo "1976"]
[BlackElo "2115"]
[PlyCount "74"]
[EventDate "2006.11.12"]
[EventType "team"]
[EventRounds "11"]
[EventCountry "HUN"]
[SourceTitle "EXT 2008"]
[Source "ChessBase"]
[SourceDate "2007.11.25"]
[SourceVersion "1"]
[SourceVersionDate "2007.11.25"]
[SourceQuality "1"]
[WhiteTeam "Zsambek"]
[BlackTeam "Geniusz Tata"]
[WhiteTeamCountry "HUN"]
[BlackTeamCountry "HUN"]

1. Nf3 Nf6 2. g3 g6 3. Bg2 Bg7 4. 0-0 0-0 5. d4 d6 6. Nc3 Nbd7 7. e4 e5 8. dxe5 dxe5 9. Bg5 h6 10. Bxf6 Bxf6 11. Nd5 Bg7 12. c3 c6 13. Nb4 Qe7 14. Qc2 Nc5 15. Nd2 Be6 16. Nb3 f5 17. Nxc5 Qxc5 18. b3 f4 19. Nd3 Qe7 20. Rad1 f3 21. Bh1 h5 22. Nb2 h4 23. Rd3 Bg4 24. Nc4 g5 25. Ne3 Be6 26. g4 Rf4 27. h3 Raf8 28. Nf5 Bxf5 29. exf5 e4 30. Re3 Be5 31. Rxe4 Rxe4 32. Bxf3 Rf4 33. Kg2 Bc7 34. Bd1 Qe5 35. b4 Re4 36. Qb3+ Kg7 37. Rh1 Qd5 0-1

[Event "Balatonalmadi Pannonia Cup 11th"]
[Site "Balatonalmadi"]
[Date "2006.08.06"]
[Round "7"]
[White "Huszar, Richard"]
[Black "Pregitzer, Gyorgy"]
[Result "1-0"]
[WhiteElo "1995"]
[BlackElo "1791"]
[PlyCount "41"]
[EventDate "2006.08.02"]
[EventType "swiss"]
[EventRounds "7"]
[EventCountry "HUN"]
[SourceTitle "EXT 2016"]
[Source "ChessBase"]
[SourceDate "2015.10.08"]
[SourceVersion "1"]
[SourceVersionDate "2015.10.08"]
[SourceQuality "1"]

1. d4 g6 2. e4 Bg7 3. e5 d6 4. f4 dxe5 5. fxe5 c6 6. Bc4 Nh6 7. Ne2 0-0 8. 0-0 Bg4 9. c3 e6 10. Nd2 Nf5 11. Ne4 Nd7 12. h3 Bxe2 13. Qxe2 Nb6 14. Bd3 Nd5 15. g4 Nfe7 16. Bg5 Qc7 17. Qf2 Nc8 18. Qh4 Bxe5 19. dxe5 Qxe5 20. Bf6 Qc7 21. Qh6 1-0